000
00323 a2200109 4500
001
ART_23937
005
20260410161932.0
008
260409a
245
1
0
_a
Una aproximación a la comercialización
100
1
_a
Bogo, Héctor Mario
773
0
_t
Informe
_g
- Año VII, Nº 43 (ene./feb. 1975)
_w
REV23765
999
_c
28740
_d
28740